[Event "elllobregat Open-A 2019"]
[Site "El Prat de Llobregat"]
[Date "2019.12.10"]
[Round "8.18"]
[White "Arizmendi Martinez, Julen Luis"]
[Black "Alonso Moyano, Jonathan"]
[Result "1-0"]
[WhiteElo "2509"]
[BlackElo "2230"]
[Annotator "TA"]
[PlyCount "125"]
[EventDate "2019.12.03"]
[EventType "swiss"]
[EventCountry "ESP"]
[SourceTitle "playchess.com"]
[Source "ChessBase"]
[SourceQuality "1"]

{[%evp 18,125,7,12,23,16,20,20,89,83,83,52,88,91,83,79,90,85,83,70,82,76,79,75,83,52,50,64,43,66,70,26,98,94,98,20,19,28,35,43,61,68,46,53,51,44,44,0,0,0,0,0,0,0,0,0,25,22,20,0,20,8,8,8,4,3,80,67,62,75,200,182,233,233,523,488,262,128,608,600,1837,1689,7662,5610,9079,6845,5181,5193,29963,29964,29966,29960,29970,29972,29978,29979,29980,29981,29981,29981,29985,29979,29979,29975,29977,29977,29977,29975,29976,29977]} 1. e4 c5 2. Nf3 d6 3. d4 Nf6 4. Nc3 cxd4 5. Nxd4 a6 6. f3 e5 7. Nb3 Be7 8. Be3 Be6 9. Qd2 Nbd7 10. g4 O-O {B90: Sicilian Najdorf: Unusual White 6th moves, 6 Be3 Ng4 and 6 Be3 e5} (10... b5 11. O-O-O O-O 12. g5 b4 13. Ne2 Nh5 14. Ng3 Nf4 15. h4 a5 16. Kb1 a4 17. Nc1 b3 18. cxb3 axb3 19. a3 Qc7 20. Bxf4 exf4 {1-0 (49) Dominguez Perez,L (2763)-Vachier Lagrave,M (2778) Saint Louis 2019}) 11. g5 Nh5 12. O-O-O a5 (12... Qc7 $11) 13. a4 Nb6 14. Rg1 $146 ({Predecessor:} 14. Kb1 Nc4 15. Bxc4 Bxc4 16. Nc1 Rc8 17. N1e2 f6 18. g6 hxg6 19. Nd5 Qe8 20. Rhg1 Bd8 21. b3 Bxe2 22. Qxe2 g5 {½-½ (22) Sferle,M (2496)-Mueller,G (2603) ICCF email 2008}) 14... Nc4 15. Bxc4 $1 Bxc4 16. Nd5 Bxd5 17. Qxd5 Qc7 18. Rd3 Rfc8 {[%csl Gc8][%cal Rc7c2]} 19. Rc3 Qd7 20. Rxc8+ Rxc8 21. Rd1 Qxa4 22. Qxb7 Qc4 {[%csl Gc8][%cal Rc4c2]} 23. Nc5 Re8 {Threatens to win with ...Qe2.} ({Avoid the trap} 23... Rxc5 $2 24. Bxc5 Bxg5+ 25. Kb1 $16) 24. Qa6 Qa2 (24... Qxa6 $11 {remains equal.} 25. Nxa6 f6) 25. Qb5 Rf8 26. Qb3 ({White should play} 26. Nd7 $16 Rc8 27. Nb6) 26... Qxb3 $11 27. Nxb3 a4 28. Na5 {Nc6 is the strong threat.} f6 29. Nc6 Kf7 30. Rd5 fxg5 31. Ra5 ({But not} 31. Nxe7 Kxe7 32. Bxg5+ Ke6 $15) 31... Ke6 32. Nxe7 (32. Ra7 $5 {[%cal Ra7e7]} Rf7 33. Kd2 $11 (33. Nxe7 Rxe7 34. Rxe7+ Kxe7 $11)) 32... Kxe7 33. Bxg5+ $14 {[%mdl 4096] Endgame KRB-KRN} Kd7 34. Rxa4 Rxf3 35. Ra7+ Kc6 36. Bd8 d5 37. exd5+ Kxd5 38. Bc7 e4 39. Ra5+ Kc6 40. Rxh5 Kxc7 41. Rxh7 $11 {KR-KR} Rf1+ (41... e3 $11 42. Rxg7+ Kb6) 42. Kd2 $14 Rf2+ 43. Kc3 Rg2 {[#]} (43... Kd6 $16) 44. Rh4 $1 $18 e3 {[#]} (44... Re2 $142 45. b4 Kd6) 45. Re4 $1 Rxh2 $2 (45... Re2 {was necessary.} 46. b4 Kd6) 46. Rxe3 Rg2 47. Re6 (47. b4 $18 {has better winning chances.}) 47... g5 $2 {[%mdl 8192]} (47... Kd7 $16 48. Re4 Rg3+ 49. Kc4 Rg2) 48. b4 g4 49. Rg6 g3 50. Kb3 Rg1 51. Kc4 Rc1 52. c3 Rg1 53. Kc5 {White mates.} g2 54. c4 Kd7 55. b5 {[%cal Bb4b5,Bb5b6][%mdl 32]} Kc7 56. Rg7+ Kd8 57. b6 Ke8 58. Kc6 Rc1 59. Rxg2 Rxc4+ 60. Kb7 Kd7 61. Rd2+ Ke6 62. Kb8 Ke7 63. Ra2 {Accuracy: White = 72%, Black = 24%.} 1-0

[Event "elllobregat Open-A 2019"]
[Site "El Prat de Llobregat"]
[Date "2019.12.11"]
[Round "9.1"]
[White "Puranik, Abhimanyu"]
[Black "Narayanan.S.L"]
[Result "1/2-1/2"]
[WhiteElo "2580"]
[BlackElo "2626"]
[Annotator "ChessBase"]
[PlyCount "80"]
[EventDate "2019.12.03"]
[EventType "swiss"]
[EventCountry "ESP"]
[SourceTitle "playchess.com"]
[Source "ChessBase"]
[SourceQuality "1"]
[TimeControl "40/5400+30:1800+30"]

1. e4 {[%emt 0:00:00]} c5 {[%emt 0:00:00]} 2. Nf3 {[%emt 0:00:00]} d6 {[%emt 0:00:00]} 3. d4 {[%emt 0:00:00]} cxd4 {[%emt 0:00:00]} 4. Nxd4 {[%emt 0:00:00]} Nf6 {[%emt 0:00:00]} 5. Nc3 {[%emt 0:00:00]} a6 {[%emt 0:00:00]} 6. g3 {[%emt 0:00:11]} e5 {[%emt 0:00:00]} 7. Nde2 {[%emt 0:00:03]} Be7 {[%emt 0:00:02]} 8. Bg2 {[%emt 0:00:04]} h5 {[%emt 0:00:05]} 9. Bg5 {[%emt 0:02:04]} Be6 {[%emt 0:00:49]} 10. Qd2 {[%emt 0:03:05]} Nbd7 {[%emt 0:02:17]} 11. f4 {[%emt 0:12:51]} b5 {[%emt 0:03:01]} 12. b3 {[%emt 0:09:41]} Nc5 {[%emt 0:09:18]} 13. f5 {[%emt 0:09:29]} Bc8 {[%emt 0:01:18]} 14. Bxf6 {[%emt 0:00:33]} Bxf6 {[%emt 0:01:47]} 15. h4 {[%emt 0:00:16]} Bb7 {[%emt 0:06:12]} 16. Nd5 {[%emt 0:00:55]} Bxd5 {[%emt 0:02:13]} 17. Qxd5 {[%emt 0:00:05]} Rc8 {[%emt 0:01:42]} 18. O-O {[%emt 0:10:14]} Qb6 {[%emt 0:13:16]} 19. Kh2 {[%emt 0:00:57]} Nd7 {[%emt 0:00:34]} 20. Qd3 {[%emt 0:14:02]} Be7 {[%emt 0:14:32]} 21. Bf3 {[%emt 0:02:08]} Nf6 {[%emt 0:00:21]} 22. c3 {[%emt 0:02:13]} O-O {[%emt 0:02:49]} 23. Kg2 {[%emt 0:03:06]} Rfd8 {[%emt 0:04:17]} 24. a4 {[%emt 0:06:40]} Rc5 {[%emt 0:11:47]} 25. axb5 {[%emt 0:01:49]} axb5 {[%emt 0:00:05]} 26. Qe3 {[%emt 0:02:44]} Qb8 {[%emt 0:09:16]} 27. Rfd1 {[%emt 0:07:20]} Rd7 {[%emt 0:06:04]} 28. Ra2 {[%emt 0:04:59]} Kh7 {[%emt 0:01:31]} 29. Rda1 {[%emt 0:02:04]} d5 {[%emt 0:04:53]} 30. Ra8 {[%emt 0:01:57]} Qc7 {[%emt 0:00:06]} 31. Qg5 {[%emt 0:02:15]} g6 {[%emt 0:00:14]} 32. fxg6+ {[%emt 0:00:19]} fxg6 {[%emt 0:00:05]} 33. R1a6 {[%emt 0:00:34]} Rc6 {[%emt 0:01:03]} 34. exd5 {[%emt 0:01:51]} Nxd5 {[%emt 0:00:07]} 35. Qc1 {[%emt 0:01:05]} Rxa6 {[%emt 0:00:05]} 36. Rxa6 {[%emt 0:00:02]} Qc5 {[%emt 0:02:15]} 37. b4 {[%emt 0:02:21]} Qc4 {[%emt 0:00:15]} 38. Qb1 {[%emt 0:00:28]} Nf6 {[%emt 0:02:04]} 39. Rc6 {[%emt 0:00:04]} Qf7 {[%emt 0:00:06]} 40. Qc2 {[%emt 0:00:00]} Kg7 {[%emt 0:00:00]} 1/2-1/2

[Event "elllobregat Open-A 2019"]
[Site "El Prat de Llobregat"]
[Date "2019.12.11"]
[Round "9.2"]
[White "Bartel, Mateusz"]
[Black "Erigaisi Arjun"]
[Result "1-0"]
[WhiteElo "2634"]
[BlackElo "2544"]
[Annotator "ChessBase"]
[PlyCount "107"]
[EventDate "2019.12.03"]
[EventType "swiss"]
[EventCountry "ESP"]
[SourceTitle "playchess.com"]
[Source "ChessBase"]
[SourceQuality "1"]
[TimeControl "40/5400+30:1800+30"]

1. e4 {[%emt 0:00:00]} c5 {[%emt 0:00:00]} 2. Nf3 {[%emt 0:00:00]} d6 {[%emt 0:00:00]} 3. d4 {[%emt 0:00:01]} cxd4 {[%emt 0:00:00]} 4. Nxd4 {[%emt 0:00:05]} Nf6 {[%emt 0:00:00]} 5. Nc3 {[%emt 0:00:04]} a6 {[%emt 0:00:01]} 6. g3 {[%emt 0:00:04]} e5 {[%emt 0:00:04]} 7. Nde2 {[%emt 0:00:06]} b5 {[%emt 0:00:12]} 8. Nd5 {[%emt 0:00:17]} Bg4 {[%emt 0:04:07]} 9. Bg2 {[%emt 0:03:01]} Nbd7 10. Bg5 {[%emt 0:19:00]} Be7 {[%emt 0:04:54]} 11. Nxe7 {[%emt 0:01:18]} Qxe7 {[%emt 0:00:16]} 12. Qd2 {[%emt 0:01:57]} h6 {[%emt 0:08:02]} 13. Be3 O-O {[%emt 0:03:42]} 14. O-O-O {[%emt 0:10:24]} Bxe2 {[%emt 0:06:54]} 15. Qxe2 Rac8 {[%emt 0:04:36]} 16. Kb1 {[%emt 0:05:34]} Nc5 {[%emt 0:05:04]} 17. f3 Rfd8 18. Bh3 {[%emt 0:09:19]} Ne6 {[%emt 0:11:07]} 19. Bf2 {[%emt 0:08:36]} Qb7 {[%emt 0:09:00]} 20. Rd3 d5 {[%emt 0:05:09]} 21. exd5 {[%emt 0:01:09]} Rxd5 22. Bxe6 {[%emt 0:03:48]} fxe6 {[%emt 0:00:29]} 23. Rxd5 {[%emt 0:00:08]} Qxd5 {[%emt 0:00:35]} 24. Rd1 {[%emt 0:00:07]} Qc6 {[%emt 0:00:35]} 25. c3 {[%emt 0:03:19]} a5 {[%emt 0:10:11]} 26. g4 b4 {[%emt 0:09:47]} 27. cxb4 {[%emt 0:13:58]} axb4 {[%emt 0:00:22]} 28. Bg3 {[%emt 0:00:05]} e4 {[%emt 0:01:04]} 29. fxe4 {[%emt 0:00:19]} Nxe4 {[%emt 0:01:02]} 30. Be1 {[%emt 0:00:19]} b3 {[%emt 0:09:59]} 31. axb3 {[%emt 0:00:22]} e5 {[%emt 0:00:56]} 32. Ba5 {[%emt 0:09:31]} Qg6 {[%emt 0:01:22]} 33. Ka2 {[%emt 0:00:33]} Ra8 {[%emt 0:02:07]} 34. Rd8+ {[%emt 0:04:46]} Rxd8 {[%emt 0:00:04]} 35. Bxd8 {[%emt 0:00:05]} Kf8 36. Bc7 {[%emt 0:03:16]} Nf6 {[%emt 0:02:48]} 37. Bxe5 {[%emt 0:00:43]} Qxg4 {[%emt 0:00:50]} 38. Qc4 {[%emt 0:00:28]} Qd7 {[%emt 0:00:43]} 39. Bd4 {[%emt 0:03:43]} Nd5 {[%emt 0:00:07]} 40. Ka3 {[%emt 0:00:00]} Ke8 {[%emt 0:00:00]} 41. b4 {[%emt 0:00:59]} Qh3+ {[%emt 0:04:11]} 42. b3 {[%emt 0:04:11]} Ne7 {[%emt 0:01:34]} 43. Qe2 {[%emt 0:02:09]} g6 {[%emt 0:03:03]} 44. Bc5 {[%emt 0:01:32]} Qd7 {[%emt 0:00:06]} 45. Qe5 {[%emt 0:03:14]} Kf7 {[%emt 0:01:14]} 46. Qh8 {[%emt 0:00:47]} Qe6 {[%emt 0:03:20]} 47. b5 {[%emt 0:01:01]} Qe1 {[%emt 0:00:43]} 48. Ka4 {[%emt 0:01:19]} Qh4+ {[%emt 0:03:48]} 49. b4 {[%emt 0:01:52]} Nf5 {[%emt 0:00:35]} 50. Qf8+ {[%emt 0:00:07]} Ke6 {[%emt 0:00:05]} 51. Qe8+ {[%emt 0:00:05]} Kd5 {[%emt 0:00:53]} 52. Qxg6 {[%emt 0:01:07]} Qh3 {[%emt 0:00:41]} 53. Qc6+ {[%emt 0:00:27]} Ke5 {[%emt 0:00:06]} 54. b6 {[%emt 0:00:07] Kd5} 1-0

[Event "elllobregat Open-A 2019"]
[Site "El Prat de Llobregat"]
[Date "2019.12.11"]
[Round "9.3"]
[White "Iniyan, P."]
[Black "Lagarde, Maxime"]
[Result "0-1"]
[WhiteElo "2497"]
[BlackElo "2655"]
[Annotator "ChessBase"]
[PlyCount "78"]
[EventDate "2019.12.03"]
[EventType "swiss"]
[EventCountry "ESP"]
[SourceTitle "playchess.com"]
[Source "ChessBase"]
[SourceQuality "1"]
[TimeControl "40/5400+30:1800+30"]

1. e4 {[%emt 0:00:00]} e6 {[%emt 0:13:57]} 2. d4 {[%emt 0:00:00]} d5 {[%emt 0:00:16]} 3. Nc3 {[%emt 0:00:00]} Nf6 {[%emt 0:00:06]} 4. e5 {[%emt 0:00:05]} Nfd7 {[%emt 0:00:03]} 5. f4 {[%emt 0:00:12]} c5 {[%emt 0:00:17]} 6. Nf3 {[%emt 0:00:06]} Nc6 {[%emt 0:00:26]} 7. Be3 {[%emt 0:00:10]} Be7 {[%emt 0:00:49]} 8. Qd2 {[%emt 0:01:24]} O-O {[%emt 0:00:37]} 9. dxc5 {[%emt 0:03:27]} Qa5 {[%emt 0:00:19]} 10. a3 {[%emt 0:05:39]} Bxc5 {[%emt 0:04:47]} 11. Bxc5 {[%emt 0:01:43]} Nxc5 {[%emt 0:07:34]} 12. O-O-O {[%emt 0:01:15]} Bd7 {[%emt 0:10:21]} 13. Kb1 {[%emt 0:07:49]} Rab8 {[%emt 0:13:10]} 14. Nxd5 {[%emt 0:06:41]} exd5 {[%emt 0:07:03]} 15. Qxa5 {[%emt 0:00:11]} Nxa5 {[%emt 0:00:04]} 16. Rxd5 {[%emt 0:06:04]} b6 {[%emt 0:00:04]} 17. b4 {[%emt 0:00:09]} Bc6 {[%emt 0:02:49]} 18. Rd2 {[%emt 0:09:37]} Ne4 {[%emt 0:05:48]} 19. Rd4 {[%emt 0:00:06]} Nb7 {[%emt 0:01:42]} 20. Kb2 {[%emt 0:05:42]} Nbc5 {[%emt 0:03:26]} 21. Bc4 {[%emt 0:06:04]} b5 {[%emt 0:05:03]} 22. Bxf7+ {[%emt 0:03:39]} Rxf7 {[%emt 0:00:05]} 23. bxc5 {[%emt 0:00:06]} Rxf4 {[%emt 0:04:05]} 24. Re1 {[%emt 0:00:12]} Re8 {[%emt 0:01:51]} 25. Kc1 {[%emt 0:12:25]} h6 {[%emt 0:02:12]} 26. Nd2 {[%emt 0:02:40]} Rxe5 {[%emt 0:01:33]} 27. g3 {[%emt 0:00:08]} Rf7 {[%emt 0:04:59]} 28. Rexe4 {[%emt 0:02:56]} Bxe4 {[%emt 0:00:08]} 29. Nxe4 {[%emt 0:00:12]} Rfe7 {[%emt 0:00:27]} 30. c6 {[%emt 0:00:33]} Rxe4 {[%emt 0:02:44]} 31. c7 {[%emt 0:00:02]} Re1+ {[%emt 0:00:06]} 32. Kd2 {[%emt 0:00:05]} R1e2+ {[%emt 0:00:07]} 33. Kd1 {[%emt 0:00:03]} Rxc7 {[%emt 0:00:02]} 34. Kxe2 {[%emt 0:00:15]} Rxc2+ {[%emt 0:00:04]} 35. Kf1 {[%emt 0:01:21]} Ra2 {[%emt 0:03:40]} 36. Rd3 {[%emt 0:00:06]} Rxh2 {[%emt 0:00:26]} 37. Rd8+ {[%emt 0:00:08]} Kh7 {[%emt 0:00:10]} 38. Ra8 {[%emt 0:00:04]} Ra2 {[%emt 0:00:28]} 39. Rxa7 {[%emt 0:00:05]} b4 {[%emt 0:00:29]} 0-1

[Event "elllobregat Open-A 2019"]
[Site "El Prat de Llobregat"]
[Date "2019.12.11"]
[Round "9.4"]
[White "Gagare, Shardul"]
[Black "Karthikeyan, Murali"]
[Result "1/2-1/2"]
[WhiteElo "2468"]
[BlackElo "2611"]
[Annotator "ChessBase"]
[PlyCount "80"]
[EventDate "2019.12.03"]
[EventType "swiss"]
[EventCountry "ESP"]
[SourceTitle "playchess.com"]
[Source "ChessBase"]
[SourceQuality "1"]
[TimeControl "40/5400+30:1800+30"]

1. e4 {[%emt 0:01:43]} c5 {[%emt 0:00:00]} 2. Nf3 {[%emt 0:00:21]} e6 {[%emt 0:00:52]} 3. d4 {[%emt 0:00:26]} cxd4 {[%emt 0:00:06]} 4. Nxd4 {[%emt 0:00:05]} Nc6 {[%emt 0:00:17]} 5. Nc3 {[%emt 0:00:26]} Nf6 {[%emt 0:00:10]} 6. Nxc6 {[%emt 0:00:09]} bxc6 {[%emt 0:00:06]} 7. e5 {[%emt 0:00:09]} Nd5 {[%emt 0:00:05]} 8. Ne4 {[%emt 0:00:00]} Qc7 {[%emt 0:04:08]} 9. f4 Rb8 {[%emt 0:00:55]} 10. c4 {[%emt 0:33:09]} Bb4+ {[%emt 0:00:37]} 11. Ke2 {[%emt 0:00:08]} O-O {[%emt 0:00:44]} 12. cxd5 cxd5 {[%emt 0:02:51]} 13. Ng5 {[%emt 0:23:43]} h6 {[%emt 0:05:34]} 14. Nf3 {[%emt 0:02:00]} Bc5 {[%emt 0:08:19]} 15. Qc2 {[%emt 0:05:38]} Qb6 {[%emt 0:01:50]} 16. Kd1 {[%emt 0:03:01]} d6 {[%emt 0:00:58]} 17. Bd3 {[%emt 0:00:34]} Bd7 {[%emt 0:00:52]} 18. b3 {[%emt 0:11:20]} a5 {[%emt 0:18:11]} 19. Rb1 {[%emt 0:00:52]} Rfc8 {[%emt 0:01:50]} 20. Qe2 {[%emt 0:00:57]} a4 {[%emt 0:02:23]} 21. g4 axb3 {[%emt 0:01:13]} 22. axb3 {[%emt 0:02:11]} dxe5 23. Nxe5 {[%emt 0:04:00]} Be8 {[%emt 0:06:10]} 24. g5 {[%emt 0:00:39]} hxg5 {[%emt 0:00:10]} 25. fxg5 {[%emt 0:08:06]} Bd4 {[%emt 0:06:40]} 26. Bd2 Qd6 {[%emt 0:17:00]} 27. Nf3 {[%emt 0:01:32]} Bc3 {[%emt 0:00:15]} 28. Re1 {[%emt 0:01:48]} Qa3 {[%emt 0:06:20]} 29. Bc2 {[%emt 0:00:40]} Bb5 {[%emt 0:00:58]} 30. Qe3 {[%emt 0:00:44]} d4 {[%emt 0:02:31]} 31. Nxd4 {[%emt 0:00:25]} Bxd2 {[%emt 0:02:15]} 32. Qxd2 {[%emt 0:00:38]} Rd8 {[%emt 0:00:40]} 33. g6 {[%emt 0:00:05]} f5 {[%emt 0:02:15]} 34. Rxe6 {[%emt 0:00:24]} Qa7 {[%emt 0:00:55]} 35. Qe3 {[%emt 0:01:03]} Rxd4+ {[%emt 0:03:16]} 36. Kc1 Rc8 {[%emt 0:05:22]} 37. Kb2 {[%emt 0:00:57]} Ra8 {[%emt 0:00:34]} 38. Kc1 {[%emt 0:00:23]} Rc8 {[%emt 0:00:42]} 39. Kb2 {[%emt 0:00:13]} Ra8 {[%emt 0:00:50]} 40. Kc1 {[%emt 0:00:00]} Rc8 1/2-1/2

[Event "elllobregat Open-A 2019"]
[Site "El Prat de Llobregat"]
[Date "2019.12.11"]
[Round "9.5"]
[White "Bryakin, Mikhail"]
[Black "Alonso Rosell, Alvar"]
[Result "1/2-1/2"]
[WhiteElo "2428"]
[BlackElo "2548"]
[Annotator "ChessBase"]
[PlyCount "87"]
[EventDate "2019.12.03"]
[EventType "swiss"]
[EventCountry "ESP"]
[SourceTitle "playchess.com"]
[Source "ChessBase"]
[SourceQuality "1"]
[TimeControl "40/5400+30:1800+30"]

1. d4 {[%emt 0:00:00]} Nf6 {[%emt 0:22:30]} 2. c4 {[%emt 0:00:00]} e6 {[%emt 0:00:04]} 3. g3 {[%emt 0:00:00]} d5 {[%emt 0:00:02]} 4. Bg2 {[%emt 0:00:00]} Bb4+ {[%emt 0:00:03]} 5. Bd2 {[%emt 0:00:24]} Bd6 {[%emt 0:00:02]} 6. Nf3 {[%emt 0:01:10]} c6 7. Qc2 {[%emt 0:00:47]} Nbd7 {[%emt 0:01:32]} 8. O-O {[%emt 0:00:56]} O-O {[%emt 0:00:03]} 9. Bf4 {[%emt 0:03:59]} Bxf4 {[%emt 0:05:34]} 10. gxf4 {[%emt 0:00:06]} b6 {[%emt 0:00:56]} 11. cxd5 {[%emt 0:06:00]} cxd5 {[%emt 0:00:05]} 12. Nc3 {[%emt 0:00:39]} Bb7 {[%emt 0:00:23]} 13. Rac1 Qe7 {[%emt 0:31:20]} 14. Ne5 {[%emt 0:07:13]} Rfc8 15. Qd2 Ne4 {[%emt 0:20:43]} 16. Nxe4 {[%emt 0:07:11]} dxe4 {[%emt 0:01:18]} 17. Rxc8+ {[%emt 0:00:56]} Rxc8 {[%emt 0:00:02]} 18. Rc1 {[%emt 0:00:57]} Qd8 19. Rxc8 {[%emt 0:01:14]} Qxc8 {[%emt 0:02:01]} 20. Qc3 {[%emt 0:04:42]} Qxc3 {[%emt 0:04:43]} 21. bxc3 {[%emt 0:00:02]} Nb8 {[%emt 0:00:28]} 22. e3 Kf8 {[%emt 0:03:40]} 23. a3 {[%emt 0:05:40]} b5 {[%emt 0:05:23]} 24. Nd3 {[%emt 0:02:55]} Nd7 25. Nb2 {[%emt 0:05:32]} Nb6 {[%emt 0:00:59]} 26. Kf1 {[%emt 0:00:57]} Bd5 {[%emt 0:00:37]} 27. Ke1 {[%emt 0:00:34]} Ke7 {[%emt 0:00:29]} 28. Bf1 {[%emt 0:00:16]} a6 {[%emt 0:00:04]} 29. Kd2 {[%emt 0:00:50]} Bb3 {[%emt 0:00:17]} 30. Bg2 {[%emt 0:01:36]} Bd5 {[%emt 0:01:09]} 31. c4 {[%emt 0:01:48]} Bxc4 {[%emt 0:00:32]} 32. Bxe4 {[%emt 0:00:10]} Bd5 {[%emt 0:00:17]} 33. Bd3 {[%emt 0:00:48]} Bc6 34. e4 a5 {[%emt 0:00:57]} 35. Nd1 {[%emt 0:01:10]} Na8 36. Ne3 {[%emt 0:04:43]} Nc7 {[%emt 0:01:15]} 37. f5 g6 {[%emt 0:00:00]} 38. fxe6 {[%emt 0:03:20]} fxe6 39. Ng4 {[%emt 0:03:30]} g5 {[%emt 0:01:30]} 40. Kc3 {[%emt 0:00:00]} h5 {[%emt 0:00:00]} 41. Ne5 {[%emt 0:02:57]} Be8 {[%emt 0:00:52]} 42. Nf3 g4 43. Ne5 Kf6 44. Kd2 {Kxe5} 1/2-1/2

[Event "elllobregat Open-A 2019"]
[Site "El Prat de Llobregat"]
[Date "2019.12.11"]
[Round "9.6"]
[White "Raja Harshit"]
[Black "Gukesh D"]
[Result "1-0"]
[WhiteElo "2447"]
[BlackElo "2547"]
[Annotator "ChessBase"]
[PlyCount "65"]
[EventDate "2019.12.03"]
[EventType "swiss"]
[EventCountry "ESP"]
[SourceTitle "playchess.com"]
[Source "ChessBase"]
[SourceQuality "1"]
[TimeControl "40/5400+30:1800+30"]

1. e4 {[%emt 0:00:00]} c5 {[%emt 0:00:00]} 2. Nf3 {[%emt 0:00:00]} Nc6 {[%emt 0:00:17]} 3. Bb5 {[%emt 0:00:33]} g6 {[%emt 0:03:48]} 4. d3 Bg7 {[%emt 0:01:23]} 5. Bxc6 {[%emt 0:00:43]} bxc6 {[%emt 0:05:41]} 6. O-O {[%emt 0:15:10]} d6 7. e5 dxe5 {[%emt 0:02:05]} 8. Re1 {[%emt 0:00:55]} c4 {[%emt 0:16:47]} 9. Nxe5 {[%emt 0:06:50]} cxd3 {[%emt 0:22:19]} 10. Nc3 Nf6 {[%emt 0:01:14]} 11. Nxc6 {[%emt 0:27:53]} Qd6 12. Qf3 Bb7 {[%emt 0:09:35]} 13. Nxe7 {[%emt 0:06:52]} Bxf3 {[%emt 0:00:55]} 14. Nf5+ {[%emt 0:00:00]} Kd7 {[%emt 0:02:07]} 15. Nxd6 {[%emt 0:10:51]} Nd5 {[%emt 0:11:03]} 16. gxf3 {[%emt 0:09:22]} Nxc3 {[%emt 0:04:21]} 17. Nc4 {[%emt 0:03:25]} Ne2+ {[%emt 0:01:42]} 18. Kf1 Nd4 19. Bg5 {[%emt 0:03:41]} f6 {[%emt 0:04:04]} 20. Rad1 {[%emt 0:00:23]} fxg5 {[%emt 0:01:00]} 21. Rxd3 Kc6 22. Re7 {[%emt 0:03:22]} Bf6 {[%emt 0:10:00]} 23. Rf7 {[%emt 0:01:18]} Rhf8 {[%emt 0:00:34]} 24. Rxh7 {[%emt 0:01:41]} Rh8 {[%emt 0:02:05]} 25. Rf7 {[%emt 0:03:08]} Rhf8 {[%emt 0:00:47]} 26. Rh7 Rh8 {[%emt 0:00:38]} 27. Na5+ {[%emt 0:03:51]} Kb6 28. Nc4+ {[%emt 0:03:16]} Kb5 {[%emt 0:01:01]} 29. Rc7 {[%emt 0:00:23]} Rxh2 {[%emt 0:00:25]} 30. a4+ {[%emt 0:00:32]} Ka6 {[%emt 0:00:26]} 31. Rf7 {[%emt 0:00:43]} Bh8 {[%emt 0:00:36]} 32. b4 {[%emt 0:00:21]} Rh4 {[%emt 0:00:36]} 33. Rxd4 1-0

[Event "elllobregat Open-A 2019"]
[Site "El Prat de Llobregat"]
[Date "2019.12.11"]
[Round "9.7"]
[White "Sankalp Gupta"]
[Black "Sosa, Tomas"]
[Result "1-0"]
[WhiteElo "2365"]
[BlackElo "2520"]
[Annotator "ChessBase"]
[PlyCount "83"]
[EventDate "2019.12.03"]
[EventType "swiss"]
[EventCountry "ESP"]
[SourceTitle "playchess.com"]
[Source "ChessBase"]
[SourceQuality "1"]
[TimeControl "40/5400+30:1800+30"]

1. e4 {[%emt 0:00:30]} e5 {[%emt 0:00:44]} 2. Nf3 {[%emt 0:00:03]} Nc6 {[%emt 0:00:07]} 3. Bb5 {[%emt 0:00:03]} a6 {[%emt 0:00:29]} 4. Ba4 {[%emt 0:00:02]} d6 {[%emt 0:02:25]} 5. c3 {[%emt 0:02:06]} Bd7 {[%emt 0:07:29]} 6. O-O {[%emt 0:00:35]} g6 {[%emt 0:09:37]} 7. d4 {[%emt 0:00:07]} Bg7 {[%emt 0:00:05]} 8. dxe5 {[%emt 0:02:00]} dxe5 {[%emt 0:00:31]} 9. Be3 {[%emt 0:00:09]} Nf6 {[%emt 0:00:52]} 10. Nbd2 {[%emt 0:00:41]} O-O {[%emt 0:00:52]} 11. h3 {[%emt 0:03:08]} Re8 {[%emt 0:03:14]} 12. Bb3 {[%emt 0:03:06]} h6 {[%emt 0:01:39]} 13. a4 {[%emt 0:07:28]} Nh5 {[%emt 0:02:34]} 14. Bd5 {[%emt 0:06:21]} Qf6 {[%emt 0:04:34]} 15. a5 {[%emt 0:14:41]} Rad8 {[%emt 0:01:52]} 16. Qb3 {[%emt 0:00:31]} Bc8 {[%emt 0:10:56]} 17. Rfd1 {[%emt 0:00:21]} Nf4 {[%emt 0:07:09]} 18. Bxf4 {[%emt 0:00:23]} exf4 {[%emt 0:03:58]} 19. Nc4 {[%emt 0:00:37]} g5 {[%emt 0:00:15]} 20. Rd2 {[%emt 0:04:29]} Bf8 {[%emt 0:08:12]} 21. Rad1 {[%emt 0:00:47]} Bc5 {[%emt 0:01:39]} 22. Nce5 {[%emt 0:10:49]} Nxe5 {[%emt 0:10:53]} 23. Nxe5 {[%emt 0:00:24]} Kg7 {[%emt 0:00:11]} 24. Nxf7 {[%emt 0:02:54]} Rxd5 {[%emt 0:10:29]} 25. Qxd5 {[%emt 0:01:35]} Ba7 {[%emt 0:03:48]} 26. Nd8 {[%emt 0:00:34]} g4 {[%emt 0:00:03]} 27. Qh5 {[%emt 0:05:16]} Kf8 {[%emt 0:05:39]} 28. hxg4 {[%emt 0:02:40]} Re5 {[%emt 0:00:27]} 29. Qh3 {[%emt 0:00:47]} Qg6 {[%emt 0:00:18]} 30. Qf3 {[%emt 0:13:28]} Rxe4 {[%emt 0:00:46]} 31. Nc6 {[%emt 0:03:26]} Bxg4 {[%emt 0:03:09]} 32. Rd8+ {[%emt 0:04:30]} Kf7 {[%emt 0:00:28]} 33. R1d7+ {[%emt 0:00:34]} Bxd7 {[%emt 0:00:01]} 34. Rxd7+ {[%emt 0:00:01]} Ke8 {[%emt 0:01:00]} 35. Rd8+ {[%emt 0:00:30]} Kf7 {[%emt 0:00:01]} 36. Nxa7 {[%emt 0:00:23]} Re1+ {[%emt 0:01:00]} 37. Kh2 {[%emt 0:00:02]} Qf5 {[%emt 0:00:33]} 38. Rd4 {[%emt 0:01:55]} Ke8 {[%emt 0:00:30]} 39. Rxf4 {[%emt 0:00:39]} Qc5 {[%emt 0:00:29]} 40. b4 {[%emt 0:00:00]} Qxa7 {[%emt 0:00:00]} 41. Rf8+ {[%emt 0:02:08]} Kd7 {[%emt 0:00:42]} 42. Qd5+ {[%emt 0:00:01]} 1-0